RICS construction market survey United Kingdom (Record no. 107567)

MARC details
000 -LEADER
fixed length control field 01410cad a22002295a 4500
001 - CONTROL NUMBER
control field L140900
008 - FIXED-LENGTH DATA ELEMENTS--GENERAL INFORMATION
fixed length control field 071017s2007 xxkd f 000 0 eng d
035 ## - SYSTEM CONTROL NUMBER
System control number (Sirsi) u140900
041 0# - LANGUAGE CODE
Language code of text/sound track or separate title eng
050 04 - LIBRARY OF CONGRESS CALL NUMBER
Classification number 338.47624 $2 18
110 2# - MAIN ENTRY--CORPORATE NAME
Corporate name or jurisdiction name as entry element Royal Institution of Chartered Surveyors
Subordinate unit Economics
9 (RLIN) 5033
245 00 - TITLE STATEMENT
Title RICS construction market survey United Kingdom
Remainder of title third quarter 2007
Medium [electronic resource]
260 ## - PUBLICATION, DISTRIBUTION, ETC.
Place of publication, distribution, etc. London
Name of publisher, distributor, etc. RICS
Date of publication, distribution, etc. 2007
490 #0 - SERIES STATEMENT
Series statement RICS Construction Market Survey United Kingdom
Volume/sequential designation Third Quarter 2007
520 ## - SUMMARY, ETC.
Summary, etc. Reports that growth in construction workloads stabilised during the third quarter 2007, with 16% more surveyors reporting a rise than a fall. Steady growth was generally experienced across the industry, except for the infrastructure sector which experienced a slowdown. Scotland once again experienced the fastest increase in workloads, with London and southeast England experiencing the slowest growth. Surveyor's workload expectations for the next 12 months dropped again in the third quarter, although confidence still remains above the long run average.
590 ## - LOCAL NOTE (RLIN)
Local note KA
650 24 - SUBJECT ADDED ENTRY--TOPICAL TERM
Topical term or geographic name entry element RICS CONSTRUCTION MARKET SURVEY UNITED KINGDOM
651 #4 - SUBJECT ADDED ENTRY--GEOGRAPHIC NAME
Geographic name United Kingdom
Chronological subdivision
690 ## - LOCAL SUBJECT ADDED ENTRY--TOPICAL TERM (OCLC, RLIN)
Topical term or geographic name as entry element BUILT ENVIRONMENT-CONSTRUCTION MARKET
856 40 - ELECTRONIC LOCATION AND ACCESS
Uniform Resource Identifier <a href="https://www.rics.org/site/scripts/download_info.aspx?downloadID=1199">https://www.rics.org/site/scripts/download_info.aspx?downloadID=1199</a>
Public note View the survey free of charge at www.rics.org...
942 ## - ADDED ENTRY ELEMENTS (KOHA)
Suppress in OPAC 0
Holdings
Withdrawn status Lost status Source of classification or shelving scheme Damaged status Not for loan Home library Current library Shelving location Date acquired Total Checkouts Full call number Barcode Date last seen Copy number Price effective from Koha item type
    Dewey Decimal Classification     Virtual Virtual Online 17/10/2007   ONLINE PUBLICATION 140900-2001 06/08/2019 1 06/08/2019 Book